Statistics for July 31st: Birthdays

Click here to take the quiz!

General Stats

  • This quiz has been taken 4 times
  • The average score is 2 of 8

Answer Stats

YearClueAnswer% Correct
1965Wrote Harry PotterJ. K. Rowling
100%
1980Fictional WizardHarry Potter
50%
1912Won Nobel Prize in EconomicsMilton Friedman
25%
1932Actor in the Addams FamilyTed Cassidy
25%
1803Invented the screw propellerJohn Ericsson
0%
1956Actor in RampageMichael Biehn
0%
1396Duke of BurgundyPhilip the Good
0%
1989Won Australian OpenVictoria Azarenka
0%

Score Distribution

Percentile by Number Answered

Percent of People with Each Score

Your Score History

You have not taken this quiz